01016pab a2200109 454500008003600000100001700036245009800053362002900151520064300180650003800823773004500861180718b xxu||||| |||| 00| 0 eng d aWhite Jay D. aTaking language seriously: toward a narrative theory of knowledge for administrative research a22(2), Jun 1992, p.75-82 aAdministrative theoris have turned to literature, literary theory,and story telling for insights about administrative practice and research logic. A marrative theory of knowledge supports literature and science. This means that literature is an equal if not more powerful way for practitioners to acquire and use knowledge in administration. This also means that other cultural sciences that treat their subject matters as text have the potential to inform administrative research and practice. So art, film, architecture, and non positivist approach to individual and societies can be viewed as legitimate form of administrative research aPublic Administration -- Research aAmerican Review of Public Administration